<?xml version="1.0" encoding="UTF-8"?>
<record
    xmlns:xsi="http://www.w3.org/2001/XMLSchema-instance"
    xsi:schemaLocation="http://www.loc.gov/MARC21/slim http://www.loc.gov/standards/marcxml/schema/MARC21slim.xsd"
    xmlns="http://www.loc.gov/MARC21/slim">

  <leader>01324nam a22002417a 4500</leader>
  <controlfield tag="001">PE-LiUPU</controlfield>
  <controlfield tag="003">PE-LiUPU</controlfield>
  <controlfield tag="005">20240516155446.0</controlfield>
  <controlfield tag="008">240516b        |||||||| |||| 00| 0 spa d</controlfield>
  <datafield tag="020" ind1=" " ind2=" ">
    <subfield code="a">8782789676080</subfield>
  </datafield>
  <datafield tag="040" ind1=" " ind2=" ">
    <subfield code="a">PE-LiUPU</subfield>
    <subfield code="b">spa</subfield>
    <subfield code="c">PE-LiUPU</subfield>
    <subfield code="e">rda</subfield>
  </datafield>
  <datafield tag="082" ind1=" " ind2=" ">
    <subfield code="2">23</subfield>
    <subfield code="a">378.17</subfield>
  </datafield>
  <datafield tag="245" ind1=" " ind2=" ">
    <subfield code="a">Construir Sociedades de Conocimiento:</subfield>
    <subfield code="b">Nuevos Retos para la Educaci&#xF3;n Terciaria /</subfield>
    <subfield code="c">Coordinaci&#xF3;n general: Martha Laverde.</subfield>
  </datafield>
  <datafield tag="264" ind1=" " ind2=" ">
    <subfield code="a">Bogot&#xE1; :</subfield>
    <subfield code="b">Banco Mundial ;</subfield>
    <subfield code="c">2002.</subfield>
  </datafield>
  <datafield tag="300" ind1=" " ind2=" ">
    <subfield code="a">213 p&#xE1;ginas :</subfield>
    <subfield code="b">ilustrado ;</subfield>
    <subfield code="c">23 cent&#xED;metros.</subfield>
  </datafield>
  <datafield tag="500" ind1=" " ind2=" ">
    <subfield code="a">Incluye al comienzo del libro: pr&#xF3;logo, agradecimientos y  glosario de abreviaturas.</subfield>
  </datafield>
  <datafield tag="504" ind1=" " ind2=" ">
    <subfield code="a">Incluye referencias bibliogr&#xE1;ficas.</subfield>
  </datafield>
  <datafield tag="505" ind1=" " ind2=" ">
    <subfield code="a">Panorama general y principales hallazgos -- Un entorno global en constante cambio -- Contribuci&#xF3;n de la educaci&#xF3;n terciaria al desarrollo social y econ&#xF3;mico -- Antiguos retos por enfrentar: La crisis permanente de la educaci&#xF3;n terciaria en los pa&#xED;ses en desarrollo y transici&#xF3;n -- Una relaci&#xF3;n en cambio : las instituciones de educaci&#xF3;n terciaria, el mercado y el Estado -- El apoyo del Banco Mundial a la educaci&#xF3;n terciaria.</subfield>
  </datafield>
  <datafield tag="650" ind1=" " ind2="0">
    <subfield code="a">Educaci&#xF3;n superior</subfield>
    <subfield code="x">Aspectos econ&#xF3;micos</subfield>
    <subfield code="9">1503</subfield>
  </datafield>
  <datafield tag="650" ind1=" " ind2="0">
    <subfield code="a">Asistencia educativa</subfield>
    <subfield code="9">4093</subfield>
  </datafield>
  <datafield tag="700" ind1=" " ind2=" ">
    <subfield code="a">Pizarro, Roberto</subfield>
    <subfield code="e">traductor.</subfield>
    <subfield code="9">4094</subfield>
  </datafield>
  <datafield tag="942" ind1=" " ind2=" ">
    <subfield code="2">ddc</subfield>
    <subfield code="c">BK</subfield>
    <subfield code="n">0</subfield>
  </datafield>
  <datafield tag="999" ind1=" " ind2=" ">
    <subfield code="c">62444</subfield>
    <subfield code="d">62443</subfield>
  </datafield>
  <datafield tag="980" ind1=" " ind2=" ">
    <subfield code="6">18228</subfield>
    <subfield code="a">Christian Lazo Analista Documental</subfield>
    <subfield code="8">18228</subfield>
    <subfield code="g">Christian Lazo Analista Documental</subfield>
  </datafield>
</record>
